00466 2200181 4500245006200000020002200062250001100084100002300095700001800118650001100136650002300147005001900170260003900189041001400228084001000242300002300252336000900275 aBisnis Kaki Lima Omset MiliarancHandoko TanuwijayahText a978-602-98690-6-4 aCet. 1 aHandoko Tanuwijaya aUkan Sukandar aBisnis aPedagang Kaki Lima a20230329132214 aYogyakartabCrop Circle Corpc2011 aIndonesia a381.1 a120 hlm. :c23 cm. atext